Bibliotecas escolares: instalación y movimiento del acervo en educación secundaria.

-д хадгалсан:
Номзүйн дэлгэрэнгүй
Үндсэн зохиолч: Saavedra Rosas, Amílcar (autor)
Бусад зохиолчид: Martínez Marroquín, Fausto (autor) (autor)
Формат: Ном
Хэл сонгох:испани
Нөхцлүүд:
Онлайн хандалт:Ver documento en línea
Шошгууд: Шошго нэмэх
Шошго байхгүй, Энэхүү баримтыг шошголох эхний хүн болох!

MARC

LEADER 00000nam^a2200000^u^4500
001 000515046
005 20260411000000.0
008 101006s1000^^^^^^^^^^^^r^^^^^000^0^spa^d
009 20260411194441.139
035 |a FCE 000059261 
037 |a Acervo ITESO - Biblioteca 
041 |a spa 
095 |a 264 
100 |a Saavedra Rosas, Amílcar  |e (autor) 
245 1 0 |a Bibliotecas escolares:  |b instalación y movimiento del acervo en educación secundaria. 
264 |a México:  |b SEP,  |c 2006. 
300 |a 70 p. 
336 |a texto  |b txt  |2 rdacontenido 
337 |a sin mediación  |b n  |2 rdamedio 
338 |a volumen  |b nc  |2 rdasoporte 
596 |a Archivo en formato PDF. 
596 |a Forma de Acceso: Internet vía la World Wide Web. 
596 |a Requerimientos del sistema. Internet connectivity, World Wide Web browser. 
649 |a XX 
650 |a Organización 
650 |a Bibliotecas escolares 
650 |a Plan de actividades 
650 |a Desarrollo de colecciones 
650 |a Actividades 
650 |a Servicios bibliotecarios 
700 |a Martínez Marroquín, Fausto  |e (autor) 
856 4 0 |u https://lectura.dgme.sep.gob.mx/3FormacionYAcomanamiento/5AsesoriaYAcompanamiento/3Cursos/BEinstalacion/instymov.pdf  |y Ver documento en línea 
910 |a Fondo Centro de Estudios Educativos 
920 |a Impresos - Libros 
930 |a Fondos Especiales 
905 |a 133 
902 |a https://opac.biblio.iteso.mx/vufind/Record/000515046